| 000 | 00000nam##2200000za#4500 |
| 001 | 9.691197 |
| 003 | CaOODSP |
| 005 | 20210624232649 |
| 007 | cr ||||||||||| |
| 008 | 150407|2008||||xxc|||||o f|0| 0 eng|d |
| 020 | |a978-1-100-10178-1 |
| 040 | |aCaOODSP|beng |
| 043 | |an-cn--- |
| 086 | 1 |aFs72-41/2008E-PDF |
| 110 | 1 |aCanada. |bDepartment of Fisheries and Oceans. |
| 245 | 10|aDeep understanding - Canadian Hydrographic Service / |h[electronic resource]|cpublished by Communications Branch. |
| 260 | |aOttawa - Ontario : |bFisheries and Oceans Canada |cc2008. |
| 300 | |a16p.|bcoloured illus., photographs |
| 500 | |aThe catalogue number (Fs72-41/2008) for the print edition has been incorrectly copied in this electronic publication. |
| 590 | |a12-31-Supp|b2012-07-06 |
| 690 | 07|aHydrography|2gcpds |
| 775 | 08|tUne compréhension approfondie - Service hydrographique du Canada / |w(CaOODSP)9.635530 |
| 776 | 0#|tDeep understanding - Canadian Hydrographic Service |w(CaOODSP)9.670279 |
| 776 | 0#|tUne compréhension approfondie - Service hydrographique du Canada |w(CaOODSP)9.670280 |
| 856 | 40|ahttp://publications.gc.ca|qPDF|s5.31 MB|uhttps://publications.gc.ca/collections/collection_2012/mpo-dfo/Fs72-41-2008-eng.pdf |
| 986 | |aDFO/2008-1461 |